Fundamentals of queueing theory
Αποθηκεύτηκε σε:
| Κύριος συγγραφέας: | |
|---|---|
| Άλλοι συγγραφείς: | |
| Μορφή: | Βιβλίο |
| Γλώσσα: | English |
| Δημοσίευση: |
New York :
Wiley,
1985
|
| Έκδοση: | 2nd ed. |
| Σειρά: | Wiley series in probability and mathematical statistics
|
| Θέματα: | |
| Ετικέτες: |
Προσθήκη ετικέτας
Δεν υπάρχουν, Καταχωρήστε ετικέτα πρώτοι!
|
MARC
| LEADER | 00000cam a2200000 i 4500 | ||
|---|---|---|---|
| 001 | 1/35609 | ||
| 008 | 941103s1985 eng d | ||
| 020 | |a 0471890677 | ||
| 035 | |l 10040015 | ||
| 035 | |a 1990 |c ΠΑΠΑΔΟΠΟΥΛΟΣ | ||
| 040 | |a GR-MY-UA |b gre |e aacr | ||
| 041 | 0 | |a eng | |
| 082 | 0 | |a 519.82 |2 (19) | |
| 100 | 1 | |a Gross, Donald. | |
| 245 | 1 | 0 | |a Fundamentals of queueing theory / |c Donald Gross, Carl M. Harris |
| 250 | |a 2nd ed. | ||
| 260 | |a New York : |b Wiley, |c 1985 | ||
| 300 | |a xii, 587 p.; |b ill.; |c 24 cm. | ||
| 490 | 1 | |a Wiley series in probability and mathematical statistics | |
| 500 | |a Includes indexes | ||
| 650 | 0 | 0 | |a Queuing theory. |
| 700 | 1 | |a Harris, Carl M. |d 1940- | |
| 830 | 0 | |a Wiley series in probability and mathematical statistics | |
| 852 | |a INST |b SAMOS |e 19941103 |h 519.82 GRO |p 005300004246 |q 005300004246 |t BK |y 0 | ||
| 909 | |a Σ |b 017154 | ||